01086 a2200205 4500003000500000005001700005020001800022040000900040082001100049082001100060100002800071245006900099260004900168300003300217505047100250650002400721942001200745999001900757952010400776Nust20170207154015.0 a0-534-95222-4 cNust a621.46 a621.461 aEl-Sharkawi, Mohamed A.00aFundamentals of electric drives-(E-BOOK)cMohamed A. El-Sharkawi aPacific Grove, CA :bBrooks/Cole,ccop. 2000 axii, 314 s. :bill. ;c25 cm a1. Elements Of Electric Drive Systems 2. Introduction To Solid State Devices 3. Introduction To Solid State Switching Circuits 4. Joint Speed-Torque Characteristics Of Electric Motors And Mechanical Loads 5. Speed-Torque Characteristics Of Electric Motors 6. Speed Control Of Direct Current Motors 7. Speed Control Of Induction Motors 8. Braking Of Electric Motors 9. Braking Of Dc Motors 10. Braking Of Induction Motors 11. Transient Time Of Electric Drives System  4zElektriska maskiner 2ddccBK c191406d191406 00102ddc40708NFICaMCSbMCSd2016-12-12l0o621.46 ELSpMCSEB-734r2016-12-08w2016-12-12yBK